| Tag |
First Indicator |
Second Indicator |
Subfields |
| LEADER |
00000cam a2200000Mi 4500 |
| 001 |
in00004016421 |
| 005 |
20180718085847.0 |
| 008 |
170728s2017 xna b 001 0 eng |
| 020 |
|
|
|a 9781742235578
|
| 020 |
|
|
|a 1742235573
|
| 035 |
|
|
|a (OCoLC)on1000148558
|
| 040 |
|
|
|a AU@
|e rda
|c AU@
|d COO
|d YDX
|d UtOrBLW
|
| 043 |
|
|
|a u-at---
|
| 049 |
|
|
|a TXAM
|
| 050 |
|
4 |
|a DU124.P64
|b R69 2017
|
| 082 |
0 |
|
|a 323.119915
|2 23
|
| 100 |
1 |
|
|a Rowse, Tim,
|d 1951-
|e author.
|0 http://id.loc.gov/authorities/names/n88081088
|
| 245 |
1 |
0 |
|a Indigenous and other Australians since 1901 /
|c Tim Rowse.
|
| 264 |
|
1 |
|a Sydney :
|b UNSW Press,
|c 2017.
|
| 300 |
|
|
|a viii, 504 pages :
|b maps ;
|c 24 cm.
|
| 336 |
|
|
|a text
|b txt
|2 rdacontent
|
| 337 |
|
|
|a unmediated
|b n
|2 rdamedia
|
| 338 |
|
|
|a volume
|b nc
|2 rdacarrier
|
| 504 |
|
|
|a Includes bibliographical references and index.
|
| 520 |
|
|
|a As Australia became a nation in 1901, no one anticipated that 'Aboriginal affairs' would become an on-going national preoccupation. Not 'dying out' as predicted, Aboriginal numbers recovered and, along with Torres Strait Islanders, they became an articulate presence, aggrieved at colonial authority's interventions into family life and continuing dispossession. Indigenous and Other Australians since 1901 narrates their recovery, not only in numbers but in cultural confidence and critical self-awareness. Pointing to Indigenous leaders, it also reassesses the contribution of government and mission 'protection' policies and the revised definitions of 'Aboriginal.' Timothy Rowse explains why Australia has conceded a large Indigenous Land and Sea Estate since the 1960s, and argues that the crisis in 'self-determination' since 2000 has been fuelled by Indigenous critique of the selves that they have become. As Indigenous people put themselves at the centre of arguments about their future, this book could not be more timely.
|
| 650 |
|
0 |
|a Aboriginal Australians
|x History
|y 20th century.
|
| 650 |
|
0 |
|a Aboriginal Australians
|x Government policy.
|
| 650 |
|
0 |
|a Aboriginal Australians
|x Politics and government.
|0 http://id.loc.gov/authorities/subjects/sh86002967
|
| 651 |
|
0 |
|a Australia
|x Politics and government
|y 1965-
|
| 651 |
|
0 |
|a Australia
|x Race relations
|x Political aspects.
|
| 945 |
|
|
|b 539112
|
| 947 |
|
|
|a A14850538555
|
| 948 |
|
|
|a cataloged
|b h
|c 2018/5/4
|d c
|e dmitchel
|f 2:30:20 pm
|
| 994 |
|
|
|a 92
|b TXA
|
| 999 |
f |
f |
|s 46454529-772c-3d3a-8fcb-b7541cf6db44
|i c9389cfb-7073-3e4f-987a-241457ed784e
|t 0
|
| 952 |
f |
f |
|p normal
|a Texas A&M University
|b College Station
|c Sterling C. Evans Library
|d Evans: Library Stacks
|t 0
|e DU124.P64 R69 2017
|h Library of Congress classification
|i unmediated -- volume
|m A14850538555
|
| 998 |
f |
f |
|a DU124.P64 R69 2017
|t 0
|l Evans: Library Stacks
|